Tilastot visalle Alkuaineet

Klikkaa tästä pelataksesi tätä visaa!

Yleistilastot

  • Tätä visaa on pelattu 246 kertaa
  • Keskiarvotulos 48 / 121

Vastaustilastot

JärjestyslukuKemiallinen merkkiAlkuaine% Oikein
8Ohappi
99%
2Hehelium
98%
79Aukulta
94%
1Hvety
93%
11Nanatrium
93%
12Mgmagnesium
93%
3Lilitium
92%
30Znsinkki
91%
26Ferauta
91%
20Cakalsium
91%
29Cukupari
90%
47Aghopea
90%
6Chiili
89%
7Ntyppi
88%
17Clkloori
86%
13Alalumiini
86%
19Kkalium
83%
15Pfosfori
79%
10Neneon
78%
5Bboori
78%
14Sipii
77%
9Ffluori
73%
50Sntina
73%
24Crkromi
72%
16Srikki
72%
18Arargon
71%
28Ninikkeli
70%
80Hgelohopea
70%
35Brbromi
70%
82Pblyijy
67%
92Uuraani
64%
22Tititaani
59%
4Beberyllium
56%
54Xeksenon
54%
53Ijodi
51%
27Cokoboltti
48%
86Rnradon
47%
25Mnmangaani
47%
34Seseleeni
46%
56Babarium
44%
32Gegermanium
44%
31Gagallium
42%
78Ptplatina
40%
33Asarseeni
40%
94Puplutonium
38%
99Eseinsteinium
37%
48Cdkadmium
37%
21Scskandium
36%
63Eueuropium
36%
55Cscesium
36%
74Wvolframi
35%
39Yyttrium
34%
88Raradium
33%
84Popolonium
32%
40Zrzirkonium
32%
95Amamerikium
30%
57Lalantaani
30%
87Frfrankium
29%
77Iriridium
28%
36Krkrypton
28%
38Srstrontium
28%
98Cfkalifornium
27%
46Pdpalladium
27%
70Ybytterbium
26%
93Npneptunium
26%
23Vvanadiini
25%
111Rgröntgenium
25%
37Rbrubidium
25%
49Inindium
25%
42Momolybdeeni
25%
58Cecerium
23%
52Tetelluuri
23%
102Nonobelium
23%
83Bivismutti
22%
81Tltallium
22%
85Atastatiini
22%
96Cmcurium
22%
72Hfhafnium
22%
73Tatantaali
20%
118Ogoganesson
20%
62Smsamarium
20%
60Ndneodyymi
20%
41Nbniobium
20%
89Acaktinium
19%
97Bkberkelium
19%
45Rhrodium
19%
76Ososmium
18%
115Uupmoskovium
17%
65Tbterbium
17%
103Lrlawrencium
17%
69Tmtulium
17%
68Ererbium
17%
67Hoholmium
17%
71Lulutetium
17%
44Rurutenium
16%
64Gdgadolinium
16%
90Thtorium
16%
101Mdmendelevium
15%
43Tcteknetium
15%
108Hshassium
15%
59Prpraseodyymi
14%
51Sbantimoni
14%
66Dydysprosium
14%
104Rfrutherfordium
14%
106Sgseaborgium
14%
107Bhbohrium
14%
75Rerenium
14%
100Fmfermium
13%
116Lvlivermorium
13%
117Tstennessiini
12%
61Pmprometium
12%
105Dbdubnium
12%
112Cnkopernikium
11%
114Flflerovium
9%
109Mtmeitnerium
9%
110Dsdarmstadtium
8%
113Uutnihonium
7%
119Uueununennium
7%
120Ubnunbinilium
7%
121Ubuunbiunium
7%
91Paproktaktinium
4%

Tulosjakauma

Persentiili vastausten määrän mukaan

Jokaisen tuloksen saaneiden osuus

Tuloshistoriasi

Et ole pelannut tätä visaa